Synonyms of Hamilton songs - Statistics

General Stats
  • This quiz has been taken 79 times
  • The average score is 4 of 11
Answer Stats
Hint Answer % Correct
Arlond Barlond, good man Aaron Burr, sir
69%
The dead the alive the yabber Who lives who dies who tells your story
66%
Bang bang and woosh woosh Guns and ships
63%
Excuse me, be patient 🐒🤚 Wait for it
57%
Benson thomas Alexander Hamilton
50%
🔥✌️烧掉 Burn
38%
Big wind go boom Blow us all away
21%
Antelope John Dear Theodosia
16%
我知道她 I know him
12%
That’s kinky Your obedient servant
7%
The starlven scanks The schylur sisters
6%
No matching quizzes found
Score Distribution
Percent of People with Each Score
Percentile by Number Answered
Your Score History
You have not taken this quiz